• 首页
  • 本馆介绍
  • 公告通知
  • 最新文献
  • 馆藏检索
  • 电子资源
  • 读者导购
  • 参考咨询
  • 我的图书馆
  • 登录
  • 详细信息显示
  • 放入我的书架
  • 预约/预借图书
  • 作者相关作品
  • 分类相关作品
  • 丛书相关作品
  • 出版社相关作品

书目信息

  • 表格格式
  • 工作单格式
  • 卡片格式
题名:
杜威在华学谱
    
 
作者: 顾红亮 编著
分册:  
出版信息: 上海   华东师范大学出版社  2019
页数: 368页
开本: 21cm
丛书名: 杜威研究在中国
单 册:
中图分类: B712.51
科图分类:
主题词:
电子资源:
ISBN: 978-7-5675-9028-1
000 01341oam2 2200277 450
001 2252283735
005 20220928143143.48
010    @a978-7-5675-9028-1@dCNY68.00
100    @a20190731d2019 em y0chiy50 ea
101 0  @achi
102    @aCN@b310000
105    @ak az 000yy
200 1  @a杜威在华学谱@9du wei zai hua xue pu@dAn academic chronicle of John Dewey in China@f顾红亮编著@zeng
210    @a上海@c华东师范大学出版社@d2019
215    @a368页@d21cm
225 2  @a杜威研究在中国
314    @a顾红亮,男,汉族,1971年10月出生于浙江萧山,博士学位。2018年1月3日任职于华东师范大学宣传部部长新闻发言人。 现任华东师范大学党委常委、党委宣传部部长。已出版《实用主义的误读——杜威哲学对中国现代哲学的影响、《现代中国平民化人格话语》等。
320    @a有书目(第358-365页)
330    @a五四运动前夕,美国教育家杜威博士应北京大学、江苏省教育会等单位的邀请来中国讲学。1919 年 5 月自日本抵上海,1921 年 7 月离北京回国。本书以时间为序,搜集整理了杜威在华两年间的日程安排、重要事件文字记录,包括杜威对当时发生的大量的中国现象、事件和运动的理解、评论等。
461  0 @12001 @a杜威研究在中国
510 1  @aCademic chronicle of John Dewey in China@zeng
600  1 @a杜威@g(Dewey, John),@f1859-1952@x思想评论
690    @aB712.51@v5
701  0 @a顾红亮@9gu hong liang@f(1971-)@4编著
801  0 @aCN@b91MARC@c20190731
905    @aZUCC@dB712.51@e2
    
    杜威在华学谱=An academic chronicle of John Dewey in China/顾红亮编著.-上海:华东师范大学出版社,2019
    368页;21cm.-(杜威研究在中国)
    
    
    ISBN 978-7-5675-9028-1:CNY68.00
    五四运动前夕,美国教育家杜威博士应北京大学、江苏省教育会等单位的邀请来中国讲学。1919 年 5 月自日本抵上海,1921 年 7 月离北京回国。本书以时间为序,搜集整理了杜威在华两年间的日程安排、重要事件文字记录,包括杜威对当时发生的大量的中国现象、事件和运动的理解、评论等。
●
相关链接 在五车中查询图书 在当当中查询图书 在豆瓣中查询图书


正题名:杜威在华学谱     索取号:B712.51/2         预约/预借

序号 登录号 条形码 馆藏地/架位号 状态 备注
1 2000904577   2000904577   第三书库/ [索取号:B712.51/2] 在馆    
2 2000904578   2000904578   第三书库/ [索取号:B712.51/2] 在馆    
3 2000904579   2000904579   第三书库/ [索取号:B712.51/2] 在馆    
山东省滨州职业学院图书馆 欢迎您!
大连网信软件有限公司© 版权所有